000
00222 a2200097 4500
001
59855
100
_a
245
_a
Remarkable Physicists; From Galileo to Yukawa
260
_a
UK
_b
Cambridge
_c
2004
090
_c
36690
_d
36690
942
_a
NUST-CAE
_c
_c
29658
999
_c
294928
_d
294928